Primi 15 paesi interessati da Covid-19 - 10 novembre 2021 - Statistics

Statistiche generali
  • Questo quiz è stato fatto 9 volte
  • Il punteggio medio è 13 su 27
Statistiche sulle risposte
paese % Corretto
India
100%
Brasile
89%
Francia
89%
Germania
89%
Italia
89%
Spagna
89%
Stati Uniti
89%
Messico
78%
Regno Unito
78%
Argentina
67%
Russia
67%
Turchia
67%
Belgio
44%
Colombia
44%
Iran
44%
Paesi Bassi
44%
Indonesia
33%
Israele
33%
Cechia
22%
Slovenia
22%
Georgia
11%
Bahrain
0%
Croazia
0%
Estonia
0%
Lettonia
0%
Lituania
0%
Serbia
0%
Nessun quiz corrispondente trovato
Distribuzione punteggi
Percentuale di utenti per punteggio
Percentile per numero di risposta
I tuoi punteggi nel tempo
Non hai fatto questo quiz